000 00775nam a2200277 a 4500
005 20200104041513.0
008 140221b1998 sz ||||| |||| 00| 0 spa d
020 _a9263308713
041 _aspa
044 _asz
090 _aLB
_b00657
110 _bOrganización Meteorológica Mundial
_96811
245 _aTiempo, los océanos y la actividad humana
260 _aGinebra
_bOMM
_c1998
300 _a24 p.
650 _aPeces
_928275
650 _aRecursos pesqueros
_928276
650 _aRecursos hidrobiológicos
_92554
650 _aOcéanos
_928277
650 _aAcuicultura
_928278
650 _aDesarrollo sostenible
_9278
650 _aImpacto ambiental
_928280
650 _aImpacto humano
_93679
650 _aCambio climático
_928281
942 _cImpreso
_2z
999 _c672
_d672